Alberto Sartoris e il '900 /

Bibliographic Details
Other Authors: Sartoris, Alberto, 1901-1998, Cristiano, Flavia, Porro, Daniela
Format: Book
Language:Italian
English
French
Published: Roma : Gangemi Editore, [1990]
Subjects:

MARC

Tag First Indicator Second Indicator Subfields
LEADER 00000cam a2200000 a 4500
001 in00000995521
005 20150927174743.0
008 911105s1990 it a bc 000 0 ita d
020 |a 8874482876 
035 |a (OCoLC)24683787 
035 |9 AEY6802AM 
040 |a WAU  |c WAU  |d TXA  |d UtOrBLW 
041 0 |a ita  |a eng  |a fre 
049 |a TXAM 
090 |a NA1123.S3  |b A4 1990 
245 0 0 |a Alberto Sartoris e il '900 /  |c [cura e redazione del catalogo Flavia Christiano, Daniela Porro]. 
264 1 |a Roma :  |b Gangemi Editore,  |c [1990] 
264 4 |c ©1990 
300 |a 346 pages :  |b illustrations (some color) ;  |c 24 cm. 
336 |a text  |b txt  |2 rdacontent 
337 |a unmediated  |b n  |2 rdamedia 
338 |a volume  |b nc  |2 rdacarrier 
500 |a Italian, English and French. 
500 |a Exhibition catalog. 
504 |a Includes bibliographical references (pages 331-336). 
600 1 0 |a Sartoris, Alberto,  |d 1901-1998  |x Exhibitions. 
650 0 |a Functionalism (Architecture) 
650 0 |a Architecture, Modern  |y 20th century  |v Exhibitions. 
700 1 |a Sartoris, Alberto,  |d 1901-1998. 
700 1 |a Cristiano, Flavia. 
700 1 |a Porro, Daniela. 
999 |a MARS 
999 f f |s fa8815a0-7de5-3f03-acfa-e7b9e86f2d81  |i 111154f0-b5bd-3bec-ad33-c2b50f3b0268  |t 0 
952 f f |p normal  |a Texas A&M University  |b College Station  |c Sterling C. Evans Library  |d Evans: Library Stacks  |t 0  |e NA1123.S3 A4 1990  |h Library of Congress classification  |i unmediated -- volume  |m A14815255756 
998 f f |a NA1123.S3 A4 1990  |t 0  |l Evans: Library Stacks